History of Islamic Philosophy (Record no. 9542)
[ view plain ]
| 000 -LEADER | |
|---|---|
| fixed length control field | 00446nam a2200169 a 4500 |
| 020 ## - INTERNATIONAL STANDARD BOOK NUMBER | |
| ISBN | 0415596 |
| 082 00 - DEWEY DECIMAL CLASSIFICATION NUMBER | |
| Classification number | 181.07 |
| Author Cutter | NAS2 |
| 100 ## - MAIN ENTRY--AUTHOR NAME | |
| Author name | Nasr, Seyyed Hossein |
| 245 ## - TITLE STATEMENT | |
| Title | History of Islamic Philosophy |
| 260 ## - PUBLICATION, DISTRIBUTION, ETC. (IMPRINT) | |
| Place of publication | London |
| Name of publisher | Routledge Chapman Hall |
| Year of publication | 1996 |
| 300 ## - PHYSICAL DESCRIPTION | |
| Number of Pages | 780p |
| 500 ## - GENERAL NOTE | |
| General note | includes index and biblioraphy |
| 505 2# - FORMATTED CONTENTS NOTE | |
| Formatted contents note | Select Bibliography |
| 505 2# - FORMATTED CONTENTS NOTE | |
| Formatted contents note | Select Bibliography00 |
| 650 ## - SUBJECT ADDED ENTRY--TOPICAL TERM | |
| Topical Term | Philosophy-Islamic |
| 942 ## - ADDED ENTRY ELEMENTS (KOHA) | |
| Koha item type | Books |
| Collection code | Home library | Current library | Shelving location | Date acquired | Cost, normal purchase price | Full call number | Accession Number | Koha item type |
|---|---|---|---|---|---|---|---|---|
| Reference | Henry Martyn Institute Library | Henry Martyn Institute Library | Reference | 09/10/2018 | 8880.00 | 181.07 NAS2 | 017909 | Books |
| Reference | Henry Martyn Institute Library | Henry Martyn Institute Library | Reference | 09/10/2018 | 8880.00 | 181.07 NAS2 | 017910 | Books |
